| 000 | 00666nam a2200181Ia 4500 | ||
|---|---|---|---|
| 003 | GCL | ||
| 008 | 140319s9999 xx 000 0 ara d | ||
| 040 |
_aGCL / _cGCL |
||
| 082 | 0 | 4 |
_a923.1973 _bز ر |
| 100 | 1 | _aزاوتر، أودو | |
| 245 | 1 | 0 |
_aرؤساء الولايات المتحدة الأمريكية منذ 1789 حتى اليوم / _cزاوتر، أودو |
| 250 | _aالاولى | ||
| 260 |
_aانجلترا : _bدار الحكمة ، _c2006 |
||
| 300 |
_a318 ص ؛ _c24 سم |
||
| 650 | 0 | 4 | _aرؤساء الجمهورية - تراجم |
| 650 | 0 | 4 | _aالولايات المتحدة الامريكية - رؤساء الجمهورية |
| 942 |
_2ddc _cBK |
||
| 999 |
_c9415 _d9415 |
||